|
|
|
|
| LEADER |
00873fam a2200181 a 4500 |
| 020 |
|
|
|a 8185618135
|
| 082 |
0 |
0 |
|a 294.309 549 6
|b GEL/M
|
| 100 |
1 |
|
|a Gellner, David N.
|
| 245 |
1 |
0 |
|a Monk, householder, and Tantric priest :
|b Newar Buddhism and its hierarchy of ritual /
|
| 260 |
|
|
|a Cambridge ;
|a New York :
|b Cambridge University Press,
|c 1992.
|
| 300 |
|
|
|a xxiii, 428 p. :
|
| 490 |
1 |
|
|a Cambridge studies in social and cultural anthropology ;
|
| 650 |
|
0 |
|a Buddhism
|z Nepal
|z Kathmandu Valley.
|
| 650 |
|
0 |
|a Newar (Nepalese people)
|
| 942 |
|
|
|c BK
|
| 999 |
|
|
|c 95572
|d 95572
|
| 952 |
|
|
|0 0
|1 0
|4 0
|6 294_309000000000000_549_6_GEL_M
|7 0
|9 88293
|a SSS
|b SSS
|c GEN
|d 2011-08-10
|g 195.00
|l 0
|o 294.309 549 6 GEL/M
|p SSS01604
|r 2011-08-10
|w 2011-08-10
|y BK
|
| 952 |
|
|
|0 0
|1 0
|4 0
|6 294_309000000000000_549_6_GEL_M
|7 0
|9 88294
|a SSS
|b SSS
|c GEN
|d 2016-01-11
|g 595.00
|l 0
|o 294.309 549 6 GEL/M
|p SSS07716
|r 2016-01-11
|w 2016-01-11
|y BK
|